| 000 | 01411nam a22004337a 4500 | ||
|---|---|---|---|
| 003 | OSt | ||
| 005 | 20230427124604.0 | ||
| 008 | 221006b |||||||| |||| 00| 0 eng d | ||
| 040 | _cBiblioteca Lado V | ||
| 082 |
_a704.943.8 _bO48e |
||
| 100 |
_9294 _aOlivares, Rosa _eeditor |
||
| 245 | _aExit/ | ||
| 260 |
_bOlivares y Asociados S.L. _aEspaña _c2002 |
||
| 300 |
_c21x26cm _a176p. |
||
| 366 | _espa | ||
| 490 |
_v2002 _a8 |
||
| 505 | _tEditorial | ||
| 505 | _tAndrés Serrano. Entre el desafío, el riesgo y la provocación | ||
| 505 | _tMuntadas | ||
| 505 | _tJan Sudek | ||
| 505 | _tJock Sturges | ||
| 505 | _tPere Formiguera | ||
| 505 | _tAndy Warhol | ||
| 505 | _tThomas Ruff | ||
| 505 | _tNobuyoshi Araki | ||
| 505 | _tJoel-Petre Witkin | ||
| 505 | _tChris Burden | ||
| 505 | _tBill Viola | ||
| 505 | _tCuando las formas se convierten en conceptos | ||
| 650 |
_2Tesauro de Arte & Arquitectura _aARTE _9703 |
||
| 650 |
_2Tesauro de Arte & Arquitectura _aEXPOSICIONES |
||
| 650 |
_2Tesauro de Arte & Arquitectura _aCULTURA |
||
| 650 |
_2Tesauro de Arte & Arquitectura _aAPRECIACION |
||
| 650 |
_2Tesauro de Arte & Arquitectura _aTEORIA |
||
| 650 |
_2Tesauro de Arte & Arquitectura _aARQUITECTURA |
||
| 650 |
_2Tesauro de Arte & Arquitectura _aLITERATURA |
||
| 650 |
_2Tesauro de Arte & Arquitectura _aESPAÑA |
||
| 942 |
_2ddc _c1 _h704.943.8 _iO48e _n0 |
||
| 999 |
_c3496 _d3496 |
||